Energiairányítási rendszer bevezetése a STRABAG Általános Építő Kft. esetében

Bibliographic Details
Main Author: Gáncs Nikolett Katalin
Other Authors: Krajcsák Dr. Zoltán
Format: Thesis
Kulcsszavak:Energiahatékonyság
Vállalatirányítási rendszerek
ISO 50001
Online Access:http://dolgozattar.uni-bge.hu/6289

MARC

LEADER 00000nta a2200000 i 4500
001 dolg6289
005 20160514100952.0
008 160514suuuu hu om 000 hun d
040 |a BGE Dolgozattár Repozitórium  |b hun 
041 |a hu 
100 1 |a Gáncs Nikolett Katalin 
245 1 0 |a Energiairányítási rendszer bevezetése a STRABAG Általános Építő Kft. esetében  |c Gáncs Nikolett Katalin  |h [elektronikus dokumentum] 
695 |a Energiahatékonyság 
695 |a Vállalatirányítási rendszerek 
695 |a ISO 50001 
700 1 |a Krajcsák Dr. Zoltán  |e ths 
856 4 0 |u http://dolgozattar.uni-bge.hu/6289/2/beolvas%C3%A1s0001.pdf  |z Dokumentum-elérés 
856 4 0 |u http://dolgozattar.uni-bge.hu/6289/3/G%C3%A1ncs%20Nikolett%20Katalin-Szakdolgozat_2016.%20m%C3%A1jus.pdf  |z Dokumentum-elérés